Η συγκρότηση των κρατών στα Βαλκάνια (19ος αιώνας) : τρεις και μία περιπέτειες

Αποθηκεύτηκε σε:
Λεπτομέρειες βιβλιογραφικής εγγραφής
Κύριος συγγραφέας: Κοππά, Μαριλένα
Μορφή: Βιβλίο
Γλώσσα:Greek
Δημοσίευση: Αθήνα : Νέα Σύνορα-Α.Α. Λιβάνης, 2002
Θέματα:
Ετικέτες: Προσθήκη ετικέτας
Δεν υπάρχουν, Καταχωρήστε ετικέτα πρώτοι!

MARC

LEADER 00000nam a2200000 i 4500
001 1/29087
008 021112s2002 gre d
020 |a 960-14-0557-7 
035 |l 10068735 
040 |a GR-MY-UA  |b gre  |e aacr 
041 0 |a gre 
082 0 |a 949.6 
100 1 |a Κοππά, Μαριλένα. 
245 1 2 |a Η συγκρότηση των κρατών στα Βαλκάνια (19ος αιώνας) :  |b τρεις και μία περιπέτειες /  |c Μαριλένα Κοππά 
260 |a Αθήνα :   |b Νέα Σύνορα-Α.Α. Λιβάνης,   |c 2002 
300 |a 410 σ.;  |c 25 εκ. 
504 |a Περιέχει βιβλιογραφία 
651 0 |a Balkan Peninsula  |x History  |y 19th century. 
651 0 |a Balkan Peninsula  |x Politics and government  |y 19th century. 
852 |a INST  |b LESVOS  |e 20030924  |h 949.6 ΚΟΠ  |p 005100026569  |q 005100026569  |t BK  |y 0 
852 |a INST  |b RHODES  |e 20021112  |h 949.6 ΚΟΠ  |p 005400016078  |q 005400016078  |t BK  |y 0 
901 |a BIBL4-2002-3 
909 |a Ρ  |b 101455 
909 |a Λ  |b 104799 
920 |a ΕΠΕΑΕΚ  |b ΚΟΙΝΩΝΙΚΗΣ ΑΝΘΡΩΠΟΛΟΓΙΑΣ  |y ΛΕΣΒΟΣ  |z 2003-06 
922 |a 4ΕΛΗ  |b 200210  |c ΒΙΒΛΙΟΘΗΚΗ  |d ΔΕΝΤΡΟ 
950 |a 094-2002-10-05 
970 |a ΚΟΥΛΑΚΙΟΤΗ  |b ΛΙΤΣΑ  |z 2002/11/27